00259nam a22000977a 450000500170000000800410001702000150005804000080007324500420008126000380012320200925143836.0200925b ||||| |||| 00| 0 eng d a0575009217 cCML aThe Key of the Kingdom.cCronin, A.J. aLondonbVictor Gollancz Ltdc1976